LEADER 02433nam 2200421 450 001 9910798684903321 005 20221128110401.0 010 $a1-4422-5966-3 035 $a(CKB)3710000000831058 035 $a(MiAaPQ)EBC4648876 035 $a(EXLCZ)993710000000831058 100 $a20160907h20162016 uy 0 101 0 $aeng 135 $aurcnu|||||||| 181 $2rdacontent 182 $2rdamedia 183 $2rdacarrier 200 14$aThe missile defense agency and the color of money $efewer resources, more responsibility, and a growing budget squeeze /$fprincipal author, Thomas Karako, contributing author, Wes Rumbaugh, Ian Williams 210 1$aLanham, [Maryland] :$cCenter for Strategic & International Studies :$cRowman & Littlefield,$d2016. 210 4$d©2016 215 $a1 online resource (49 pages) $cillustrations, graphs 311 $a1-4422-5965-5 327 $aIntroduction -- MDA's reduced topline -- MDA's expanded role -- Failure to transfer budget responsibility -- Foreign assistance to Israel -- The squeeze on research and development -- Possible paths forward. 330 $a"This study explores the growing competition for scarce dollars at the U.S. Missile Defense Agency (MDA). It traces the authorities, roles, and missions assigned to the agency and the growing trend of using what was originally intended to be a research and development budget for procurement and sustainment of missile defense assets. As adversary missile arsenals develop in both size and sophistication, continued improvements to our current missile defense systems will be required to keep pace with the threat. The combination of an ever-shrinking top line and new roles and missions being assigned to MDA make that task difficult. Finding a new path forward and more clearly defining the position of the agency inside the Department of Defense will be essential for a more sustainable missile defense posture"--Publisher's web site. 606 $aBallistic missile defenses$zUnited States 607 $aUnited States$2fast 615 0$aBallistic missile defenses 676 $a358.1740973 700 $aKarako$b Thomas$01500987 702 $aRumbaugh$b Wes 702 $aWilliams$b Ian 801 0$bMiAaPQ 801 1$bMiAaPQ 801 2$bMiAaPQ 906 $aBOOK 912 $a9910798684903321 996 $aThe missile defense agency and the color of money$93730746 997 $aUNINA LEADER 00993nam0 22002651i 450 001 UON00331266 005 20231205104221.525 100 $a20090914d1959 |0itac50 ba 101 $arum 102 $aRO 105 $a|||| 1|||| 200 1 $aBasme$fP. Ispirescu$gcoperta si ilustratii de Florica Cordescu 210 $aBucuresti$cEditura Tineretului$d1959 215 $a180 p.$cill., tav.$d28 cm. 620 $aRO$dBucure?ti$3UONL000071 676 $a859$cLetteratura romena e letterature ladine$v21 700 1$aISPIRESCU$bPetre$3UONV186563$0700389 702 1$aCORDESCU$bFlorica$3UONV188348 712 $aEditura Tineretului$3UONV275512$4650 801 $aIT$bSOL$c20240220$gRICA 899 $aSIBA - SISTEMA BIBLIOTECARIO DI ATENEO$2UONSI 912 $aUON00331266 950 $aSIBA - SISTEMA BIBLIOTECARIO DI ATENEO$dSI FONDO ONCIULESCU A 0904 $eSI MR164676 5 0904 996 $aBasme$91366607 997 $aUNIOR LEADER 04156nam 22005775 450 001 9910635099503321 005 20231110224445.0 010 $a3-11-075646-3 035 $a(CKB)5840000000218889 035 $a(DE-B1597)586364 035 $a(DE-B1597)9783110756463 035 $a(oapen)https://directory.doabooks.org/handle/20.500.12854/95523 035 $a(MiAaPQ)EBC7152228 035 $a(Au-PeEL)EBL7152228 035 $a(MiAaPQ)EBC30386343 035 $a(Au-PeEL)EBL30386343 035 $a(OCoLC)1356978781 035 $a(Perlego)3794505 035 $a(EXLCZ)995840000000218889 100 $a20221205h20222023 fg 101 0 $ager 135 $aur||||||||||| 181 $ctxt$2rdacontent 182 $cc$2rdamedia 183 $acr$2rdacarrier 200 10$aTheorie der Klassik $eEine kulturelle Praxis von Goethe bis Grandmaster Flash /$fPaula Wojcik 205 $a1st ed. 210 $cDe Gruyter$d2022 210 1$aBerlin ;$aBoston : $cDe Gruyter, $d[2022] 210 4$d©2023 215 $a1 online resource (XII, 373 p.) 225 0 $aStudien und Texte zur Sozialgeschichte der Literatur ,$x0174-4410 ;$v161 311 08$a3-11-162097-2 311 08$a3-11-075559-9 327 $tFrontmatter -- $tDanksagung -- $tInhaltsverzeichnis -- $t1 Einleitung: Klassik als kulturelle Praxis -- $t2 Zum Verhältnis von Klassik und Kanon -- $t3 Die Ballade als Gegenstand der Klassikerbildung: Gattungsspezifika, Rezeptionstopoi, typische Funktionen -- $t4 Der Mythos des Holismus und die fragmentarische Praxis der Klassik -- $t5 Der Mythos des Universalismus und die partikularistische Praxis der Klassik -- $t6 Der Mythos der Zeitenthobenheit und die Zeitlichkeit der Klassik -- $t7 Mythos Elitarismus und die Popularität der Klassik -- $t8 Zur Alltäglichkeit einer kulturellen Praxis der Klassik: Fazit mit einem Exkurs zur Klassikerbildung im Hip-Hop -- $t9 Literaturverzeichnis -- $t10 Abbildungsverzeichnis -- $tPersonenregister 330 $aDas Buch stellt den Anspruch, Phänomene, die man als "Klassiker" bezeichnet, besser zu verstehen und zugleich tradierter Vorstellungen darüber, was als klassisch gilt oder zu gelten hat, zu korrigieren. Dazu wird "Klassik" nicht, wie in den historischen und ideologiekritischen Debatten üblich, als Epochenbegriff verstanden, sondern als eine kulturelle Praxis, die in medialen und lebensweltlichen Adaptionen realisiert wird. Gefragt wird, kurz gesagt, wie und warum einige Autor*innen oder Werke über längere historische Perioden hinweg präsent bleiben und ein Kulturgut ? in dem Fall exemplarisch die Ballade ? so ausdrücklich prägen, dass sie als "Klassiker" wahrgenommen werden. Die Antwort geht von der These aus, dass dies ? im Unterschied zu immer noch verbreiteten essentialistischen Erklärungsansätzen ? nicht von der Qualität des Autors oder der Autorin bzw. ihrer Werke abhängt, sondern von soziokulturellen Bedarfskonstellationen.Im Ergebnis der Arbeit steht ein Zugriff, der "Klassik" nicht wiederholt als ein umstrittenes Konzept problematisiert, sondern als kulturwissenschaftliches Phänomen komplementär zum Kanon heuristisch profiliert und darüber hinaus ein Begriffsangebot zu dessen Analyse macht. 330 $aFor the last three centuries, prominent thinkers have been asking themselves what it is that constitutes a classic. This volume takes up this question and shows how cultural artifacts become and remain classics through transcultural circulation, i.e., through their adaptation in ever-changing media and the expansion of the cultural milieu in which they are received. 410 0$aStudien und Texte Zur Sozialgeschichte der Literatur 606 $aLITERARY CRITICISM / European / German$2bisacsh 610 $aIntermediality. 610 $acanon. 610 $afolk song. 610 $atransculturality. 615 7$aLITERARY CRITICISM / European / German. 700 $aWojcik$b Paula, $4aut$4http://id.loc.gov/vocabulary/relators/aut$01271608 801 0$bDE-B1597 801 1$bDE-B1597 906 $aBOOK 912 $a9910635099503321 996 $aTheorie der Klassik$92995565 997 $aUNINA LEADER 01191nam0 2200349 450 001 9910296155203321 005 20251021135216.0 010 $a978-88-9359-068-6 100 $a20181218d2017----km y0itay50 ba 101 0 $aita 102 $aIT 105 $a 001yy 200 1 $aRinascimento cristiano$einnovazioni e riforma religiosa nell'Italia del quindicesimo e sedicesimo secolo$fClaudio Moreschini 210 $aRoma$cEdizioni di storia e letteratura$d2017 215 $aXI, 376 p.$d24 cm 225 1 $aTemi e testi$v160 606 0 $aPico della Mirandola, Giovanni Francesco - Pensiero filosofico 610 0 $aCultura$aInflussi [del] Cristianesimo [e della] Cultura classica$aItalia$a1480-1530 610 0 $aErmetismo - Sec. 15.-16. 610 0 $aNeoplatonismo - Sec. 15.-16 676 $a230.1 676 $a945.06$v23$zita 700 1$aMoreschini,$bClaudio$0384697 801 0$aIT$bUNINA$gREICAT$2UNIMARC 901 $aBK 912 $a9910296155203321 952 $aCOLLEZ. 2151 (160)$b2902/2018$fFSPBC 952 $a191.12 PICO/S 11$bBrau 2020/770$fFLFBC 959 $aFSPBC 959 $aFLFBC 996 $aRinascimento cristiano$91540824 997 $aUNINA